| 000 | 00543nam a22001817a 4500 | ||
|---|---|---|---|
| 003 | CEME | ||
| 005 | 20210628204135.0 | ||
| 008 | 210112b xxu||||| |||| 00| 0 eng d | ||
| 020 | _a9780470472095 | ||
| 040 | _cceme | ||
| 082 | _a621.3 OPE | ||
| 100 |
_aMomoh, James , Mili, Lamine _968905 |
||
| 245 | _aOperation and control of electric energy processing systems | ||
| 260 |
_aUSA _bWILEY _c2010 |
||
| 300 | _aXII, 185P | ||
| 650 |
_aELECTRIC ENERGY PROCESSING SYSTEMS.OPERATION AND CONTROL OF ELECTRIC ENERGY. _968906 |
||
| 942 |
_cBK _2ddc |
||
| 999 |
_c576359 _d576359 |
||